MDQL
is popping MORE tags! Check the
thread
!
Quizzes
Events
Quiz Creation
Community
Videos
Private Events
Remove Ads
Sign In
Join for FREE
Feedback
Dark Mode
Quiz Categories
Sports
Geography
Music
Movies
Television
Just For Fun
Miscellaneous
History
Literature
Language
Science
Gaming
Entertainment
Religion
Holiday
For Kids
Quiz Lab
Recent
Popular Today
Quiz Kudos Today
Editor Picks
Curator Picks
Quizzes by...
Day
Popularity
Type
Ratings
Length
Year
Community
Subscriptions
Recent Discussions
Orange Saloon
Badges
Playlists
Quests
Create
Leaderboards
Showdown
Live 5
Trivia Bingo
Activity
Puzzle Library
Sporcle Events
Private Events
Virtual Trivia
Globe League
Become a Host
Pub Owners
SporcleCon
Opinionation
Our Games
Videos
Blog
Mobile Apps
Partnerships
Remove Ads and Go Orange
Feedback
Gaming
Video Games
Board Games
Card Games
Pokémon
Mario
Nintendo
Minecraft
Console
Toys
Legend of Zelda
Gaming
Video Games
Board Games
Card Games
Pokémon
Mario
Nintendo
Minecraft
Console
Toys
Legend of Zelda
Random Quiz
Search Sporcle
×
Quiz Lab
Quiz Lab
Gaming
Quote
Type in answers that appear in a list
Type in answers that appear in a list
Classic
Best Score? Go Orange.
Sonic The Hedgehog Voice Actors Stats
Can you name the Sonic The Hedgehog Voice Actors?
By
sonicfan212
10m
14 Questions
183 Plays
183 Plays
183 Plays
Comments
Comments
Give Quiz Kudos
Give Quiz Kudos
-
- Ratings
hide this ad
Replay
Link that replays current quiz
Next Quiz
Link to next quiz in quiz playlist
You Got
0%
They Got
Avg Score
63%
Avg Friend Score
Upgrade to see
Score Distribution
Jump to the score distribution portion of the page
Score
0/14
Timer
10:00
0
Plays Today
Quotes
Answers
% Correct
'You're too slow!'
Jason Griffith
91.8%
'No copyright law in the universe is going to stop me!'
Roger Craig Smith
89.1%
'Let's head back to the planet that's as cool and blue as me!'
Ryan Drummond
84.7%
So, we were transported into this world by Chaos Control. Very well then, I will rebuilt the foundation of the Eggman Empire here. And soon I'll rule the entire Universe.
Mike Pollock
84.7%
'Damn! A dead end! Looks like we have to take our chances with the tornado!'
Dan Green
74.3%
'Tornado X. Blast Off!!!'
Amy Palant
73.8%
'You're crazy if you think you can get away from Amy Rose and.... Who are you?'
Lisa Ortiz
68.3%
Quotes
Answers
% Correct
'He collects how many? Wow, where does somebody put all those gold rings?'
Kate Higgins
63.9%
'Get a load of this!'
Deem Bristow
51.4%
My name is Amy Rose. I'm cute and full of energy!
Jennifer Douillard
46.4%
The servers are the seven Chaos. Chaos is power. Power is enriched by the heart. The controller is the one who unifies the chaos. Only you can do this. STOP THE CHAOS EMERALDS!'
Scott Dreier
44.3%
'You just wanted to hold my hand, didn't you? (teasingly) That's why you saved me; you're such a creep!'
Lani Minella
44.3%
'Look at all those Eggman's robots!'
William Corkey
43.2%
'Even if you believe everyone is against you, know that always I'll remain by your side. Remember that.'
Caren Manuel
24.6%
Quiz Playlist
Details
Report
Send in Message
Add To Playlist
Classic:
Type in answers that appear in a list
Last Updated: Feb 16, 2017
Quiz Scoreboard
CHALLENGE
Sign Up to Join the Scoreboard
Show All
Scores
Hide
Comments
May contain spoilers
Recently Published
1-10 Letter E Words III
by El_Dandy
Language
2m
Street Fighter Characters
by Artimus82
Gaming
60s
College Basketball Coaching Resumes
by pancakes188
Sports
9m
More to Explore
Quiz From the Vault
Featured Blog Post
Where Did the Easter Bunny Come From?
hide this ad
You Might Also Like...
Tags
Actor Quiz
Quote Quiz
Character
Hedgehog
sonic
Sonic the Hedgehog
Voice
Voice Actors
Today's Top Quizzes in Gaming
Browse Gaming
hide this ad
Today's Top Quizzes in Quote
Browse Quote
Top Contributed Quizzes in Gaming
1
5-to-1: Consoles
2
7-to-1: Board Game Piece Blitz
3
5-to-1: Legend of Zelda
4
League of Legends Pro Players by Career/Team History
5
Destiny 2 exotic weapons by perk icons
6
Ultimate Genshin Impact Logic Puzzle (up to 4.3)
7
Franchise by Action Figure
8
Who's on the WWE 2K24 Cover?
9
Genshin Impact Logic Puzzle Quiz
10
Order the Pokémon Regions
Explore More
Trending Topics
NBA
Disney
Crossword
Kpop
Anime
Marvel
Harry Potter
Puzzle
The Office
Song
Pokémon
WWE
NFL
Country
Soccer
hide this ad
More By:
sonicfan212
Quiz
Plays
Rating
Category
Featured
Created
Sonic The Hedgehog Voice Actors
183
Gaming
Feb 29, 2012
Go to Creator's Profile
Score Distribution
Quiz Creator Spotlight
sonicfan212
Follow
Send a Message
Quizzes Created
-
Created Quiz Play Count
-
More By This Creator
Popular Quizzes Today
1
Find the US States - No Outlines Minefield
2
Find the Countries of Europe - No Outlines Minefield
3
The Countries of the World
4
Find the US States
5
Risky Map Clicking: Biggest States A-Z
6
US States
7
Popular People in 1961
8
Movies - When Are They Set?
More Gaming Quizzes
Click the Gaming Characters A-Z
Editor's Pick
Trending Quizzes
Risky Map Clicking: Least Populous States A-Z
Billboard Blitz: Aretha Franklin
Famous Russians: Author or Composer?
Countries of the World: 200 Million BC
1-10 Letter G Words
Recently Updated
Leaping Animals
pecheneg
Reality TV Shows (A-Z)
bhenderson79
Rickey Henderson's Hall of Fame Teammates
pecheneg
Champions League XIs: Arsenal
pecheneg
Quick Pick: Celebrities in WWE's Hall of Fame
aduchscher
A-Z Keypad Blitz II
pecheneg
Multiple Oscar Actors
pecheneg
Mystery Phrase Blitz: Oscar 'Best Actors'
pecheneg
F. Scott Fitzgerald Novels
LTH
Pick 3 Villains
ddd62291
Trending Topics
NBA
Crossword
Marvel
Harry Potter
Kpop
Disney
Anime
The Office
WWE
Pokémon
Country
NFL
Song
Soccer
Puzzle
Your Account Isn't Verified!
In order to create a playlist on Sporcle, you need to verify the email address you used during registration. Go to your
Sporcle Settings
to finish the process.
Report this User
Report this user for behavior that violates our
Community Guidelines
.
Details:
Send Report
Go to the Sporcle.com Mobile Site →
Comments